Statistics for Miles Davis Discography

Click here to take the quiz!

General Stats

  • This quiz has been taken 44 times
    (15 since last reset)
  • The average score is 22 of 193

Answer Stats

TypeYearName% Correct
Album1959Kind of Blue
100%
Album1970B*****s Brew
88%
Album1957Cookin' with the Miles Davis Quintet
63%
DVD Box Set2011Miles! The Definitive Miles Davis at Montreux DVD Collection
63%
Album1956Miles: The New Miles Davis Quintet
63%
Live Album1977Dark Magus
50%
Album1968Filles de Kilimanjaro
50%
Album1969In a Silent Way
50%
Album1967Miles Smiles
50%
Album1958Milestones
50%
Album1972On the Corner
50%
Album1958Relaxin' with the Miles Davis Quintet
50%
Album1960Sketches of Spain
50%
Album1959Workin' with the Miles Davis Quintet
50%
Live Album1975Agharta
38%
Compilation1957Birth of the Cool
38%
Album1992Doo-Bop
38%
Album1965E.S.P.
38%
Compilation1974Get Up with It
38%
Album1971Jack Johnson
38%
Live Album1971Live-Evil
38%
Album1967Nefertiti
38%
Live Album1976Pangaea
38%
Album1959Porgy and Bess
38%
Box Set1998The Complete B*****s Brew Sessions
38%
Box Set2001The Complete In a Silent Way Sessions
38%
Compilation2003The Complete Jack Johnson Sessions
38%
Box Set2007The Complete On the Corner Sessions
38%
Album1986Tutu
38%
Album1989Amandla
25%
Soundtrack1958Ascenseur pour l'échafaud
25%
Album1989Aura
25%
Compilation1974Big Fun
25%
Compilation1979Circle in the Round
25%
Album1984Decoy
25%
Soundtrack1991Dingo: Selections from the Motion Picture Soundtrack
25%
Compilation1981Directions
25%
Album1968Miles in the Sky
25%
Box Set2004Seven Steps: The Complete Columbia Recordings of Miles Davis 1963–1964
25%
Album1963Seven Steps to Heaven
25%
Album1961Someday My Prince Will Come
25%
Album1967Sorcerer
25%
Album1983Star People
25%
Album1961Steamin' with the Miles Davis Quintet
25%
Live Box Set2005The Cellar Door Sessions 1970
25%
Album1981The Man with the Horn
25%
Album1957Walkin'
25%
Album1985You're Under Arrest
25%
Live Album1973Black Beauty: Miles Davis at Fillmore West
13%
Album1956Blue Haze
13%
Album1955Blue Moods
13%
Compilation2002Blue Moods: Music for You
13%
Live Album2011B****s Brew Live
13%
Collaborative Compilation2016Everything's Beautiful
13%
Compilation1990First Miles
13%
Live Album1966'Four' & More: Recorded Live in Concert
13%
Live Album1973In Concert
13%
Live Compilation2011Live in Europe 1967: Best of the Bootleg Vol. 1
13%
Live Box Set2011Live in Europe 1967: The Bootleg Series, Vol. 1
13%
Live Box Set2013Live in Europe 1969: The Bootleg Series, Vol. 2
13%
Live Album2021Merci Miles! Live at Vienne
13%
Album1957Miles Ahead
13%
Video Album1995Miles Ahead: Music of Miles Davis
13%
Video Album1986Miles Ahead: The Music of Miles Davis
13%
Live Box Set2014Miles at the Fillmore - Miles Davis 1970: The Bootleg Series, Vol. 3
13%
Live Album1961Miles Davis at Carnegie Hall
13%
Live Album1965Miles in Berlin
13%
Live Album1965My Funny Valentine: Miles Davis in Concert
13%
Remix Album1998Panthalassa: The Music of Miles Davis 1969–1974
13%
Album1963Quiet Nights
13%
Album1957'Round About Midnight
13%
Live Box Set1995The Complete Live at the Plugged Nickel 1965
13%
Compilation1976Water Babies
13%
Live Album1982We Want Miles
13%
Compilation19741958 Miles
0%
Video Album20101969 Berlin Concert
0%
Live Album19931969 Miles – Festiva De Juan Pins
0%
Live Album1957Amsterdam Concert
0%
Video Album2008At Hammersmith Odeon, London
0%
Album1957Bags' Groove
0%
Compilation2001Ballads
0%
Compilation1996Ballads and Blues
0%
Compilation1973Basic Miles: The Classic Performances of Miles Davis
0%
Compilation2008Beautiful Ballads & Love Songs
0%
Live Album2004Birdland 1951
0%
Album1953Blue Period
0%
Compilation1996Bluing: Miles Davis Plays the Blues
0%
Box Set2010B*****s Brew 40th Anniversary Collector's Edition
0%
Live Album2000Chasin' the Bird
0%
Box Set1980Chronicle: The Complete Prestige Recordings 1951-1956
0%
Compilation1954Classics in Jazz: Miles Davis
0%
Album1956Collectors' Items
0%
Collaborative Compilation1951Conception
0%
Compilation2006Cool & Collected
0%
Live Album1960Copenhagen 1960
0%
Album1956Dig
0%
Video Album2006European Tour 1967
0%
Compilation2007Evolution of the Groove
0%
Album1967Facets
0%
Compilation2007Forever Miles Davis
0%
Live Album1960Free Trade Hall, Vol. 1
0%
Live Album1960Free Trade Hall, Vol. 2
0%
Box Set2006Great Sessions
0%
Live Compilation1995Highlights from the Plugged Nickel
0%
Video Album1991In Paris
0%
Live Album1977In Paris Festival International de Jazz 1949
0%
Live Box Set2003In Person Friday and Saturday Nights at the Blackhawk, Complete
0%
Live Album1973Jazz at the Plaza Vol. I
0%
Compilation2004Jazz Moods: Cool
0%
Compilation1958Jazz Track
0%
Compilation2000Ken Burns Jazz
0%
Live Album1996Live Around the World
0%
Video Album1993Live at Montreux
0%
Video Album2011Live at Montreux: Highlights 1973–1991
0%
Live Album1994Live at Newport 1958 & 1963
0%
Live Album2007Live at the 1963 Monterey Jazz Festival
0%
Live Album2001Live at the Fillmore East, March 7, 1970: It's About that Time
0%
Video Album2000Live from the Montreal Jazz Festival
0%
Video Album2008Live in Copenhagen & Rome 1969
0%
Video Album2006Live in Germany 1988
0%
Video Album2002Live in Munich
0%
Video Album2001Live in Paris
0%
Video Album2008Live in Poland 1983
0%
Video Album2005Live in Vienna 1973
0%
Live Album1961Live Miles: More Music from the Legendary Carnegie Hall Concert
0%
Compilation1999Love Songs
0%
Compilation1985Mellow Miles
0%
Video Album2007Milan 1964
0%
Live Album1988Miles & Coltrane
0%
Video Album2004Miles Davis: A Different Kind of Blue
0%
Album1954Miles Davis All-Star Sextet
0%
Album1955Miles Davis All Stars, Volume 1
0%
Album1955Miles Davis All Stars, Volume 2
0%
Live Box Set2018Miles Davis & John Coltrane The Final Tour: The Bootleg Series, Vol. 6
0%
Album1956Miles Davis and Horns
0%
Album1956Miles Davis and Milt Jackson Quintet/Sextet
0%
Album1959Miles Davis and the Modern Jazz Giants
0%
Live Album1970Miles Davis at Fillmore: Live at the Fillmore East
0%
Video Album2001Miles Davis at La Villette
0%
Live Box Set2015Miles Davis at Newport 1955-1975: The Bootleg Series, Vol. 4
0%
Collaborative Box Set1996Miles Davis & Gil Evans: The Complete Columbia Studio Recordings
0%
Compilation1969Miles Davis' Greatest Hits
0%
Live Album1964Miles Davis in Europe
0%
Collaborative Video Album1998Miles Davis & John Coltrane
0%
Video Album2008Miles Davis: Live in Montreal
0%
Video Album2004Miles Davis - Live in Montreal 1985
0%
Compilation1966Miles Davis Plays for Lovers
0%
Album1954Miles Davis Quartet
0%
Album1954Miles Davis Quintet
0%
Live Box Set2016Miles Davis Quintet: Freedom Jazz Dance: The Bootleg Series, Vol. 5
0%
Collaborative Live Album2005Miles Davis & Sonny Stitt – Live in Stockholm 1960
0%
Box Set2009Miles Davis: The Complete Columbia Album Collection
0%
Compilation1955Miles Davis Volume 1
0%
Album1953Miles Davis Volume 2
0%
Compilation1956Miles Davis Volume 2
0%
Album1954Miles Davis Volume 3
0%
Album1954Miles Davis with Sonny Rollins
0%
Video Album2004Miles Electric: A Different Kind of Blue
0%
Compilation2009Miles' Groove
0%
Live Album1969Miles in Tokyo
0%
Live Album1993Miles! Miles! Miles!
0%
Collaborative Live Album1993Miles & Quincy Live at Montreux
0%
Collaborative Compilation1951Modern Jazz Trumpets
0%
Soundtrack1987Music from Siesta
0%
Compilation2008Muted Miles
0%
Remix Album1999Panthalassa: The Remixes
0%
Compilation2008Playlist
0%
Compilation1990Plays Classic Ballads
0%
Compilation2005Prestige Profiles, Vol. 1
0%
Compilation2001Super Hits
0%
Video Album2009That's What Happened: Live in Germany 1987
0%
Compilation1992The Ballad Artistry of Miles Davis
0%
Compilation2004The Best of Miles Davis
0%
Collaborative Compilation1997The Best of Miles Davis & Gil Evans
0%
Compilation1992The Best of Miles Davis: The Capitol/Blue Note Years
0%
Box Set1988The Columbia Years 1955-1985
0%
Collaborative Box Set2000The Complete Columbia Recordings of Miles Davis with John Coltrane
0%
Live Box Set2002The Complete Miles Davis at Montreux
0%
Box Set1998The Complete Studio Recordings of The Miles Davis Quintet 1965–1968
0%
Album1953The Compositions of Al Cohn
0%
Video Album2004The Cool Jazz Sound
0%
Compilation2001The Essential Miles Davis
0%
Soundtrack1990The Hot Spot
0%
Box Set2006The Legendary Prestige Quintet Sessions
0%
Compilation1981The Miles Davis Collection, Vol. 1: 12 Sides of Miles
0%
Video Album1991The Miles Davis Story
0%
Album1955The Musings of Miles
0%
Album1951The New Sounds
0%
Box Set2013The Original Mono Recordings
0%
Box Set2011The Perfect Miles Davis Collection
0%
Compilation1997This Is Jazz, Vol. 22: Miles Davis Plays Ballads
0%
Compilation1996This Is Jazz, Vol. 8: Miles Davis Acoustic
0%
Album1952Young Man with a Horn
0%

Score Distribution

Percentile by Number Answered

Percent of People with Each Score

Your Score History

You have not taken this quiz since the last reset